The pursuit of reason / (Record no. 85828)
[ view plain ]
| 000 -LEADER | |
|---|---|
| campo de control de longitud fija | 00405nam a2200145 i 4500 |
| 001 - NÚMERO DE CONTROL | |
| campo de control | 85828 |
| 003 - IDENTIFICADOR DE NÚMERO DE CONTROL | |
| campo de control | ES-MaACL |
| 007 - CAMPO FIJO DE DESCRIPCIÓN FÍSICA--INFORMACIÓN GENERAL | |
| campo de control de longitud fija | t| |
| 008 - DATOS DE LONGITUD FIJA--INFORMACIÓN GENERAL | |
| campo de control de longitud fija | 041202s1910 xxu ||||1| eng d |
| 100 1# - ENTRADA PRINCIPAL--NOMBRE DE PERSONA | |
| Nombre de persona | Keary, Charles Francis. |
| 9 (RLIN) | 67696 |
| 245 14 - MENCIÓN DEL TÍTULO | |
| Título | The pursuit of reason / |
| Mención de responsabilidad, etc. | Charles Francis Keary. |
| 260 ## - PUBLICACIÓN, DISTRIBUCIÓN, ETC. | |
| Lugar de publicación, distribución, etc. | Cambridge : |
| Nombre del editor, distribuidor, etc. | [s.n., |
| Fecha de publicación, distribución, etc. | 1910] ( |
| Fabricante | John Clay) |
| 300 ## - DESCRIPCIÓN FÍSICA | |
| Extensión | VIII, 456 p. ; |
| Dimensiones | 22 cm. |
| 852 ## - LOCALIZACIÓN | |
| Ubicación | ES-MaACL |
| Número de control de estantería | C-712 |
| Estatus retirado | Estado de pérdida | Estado de daño | No para préstamo | Biblioteca de origen | Biblioteca actual | Ubicación en estantería | Fecha de adquisición | Fuente de adquisición | Total de préstamos | Signatura topográfica completa | Código de barras | Visto por última vez | Precio de reemplazo | Tipo de ítem Koha |
|---|---|---|---|---|---|---|---|---|---|---|---|---|---|---|
| Biblioteca del Ateneo de Madrid | Biblioteca del Ateneo de Madrid | Sala Palomar | 17/01/2008 | C-712 | 1089692 | 23/02/2023 | 23/02/2023 | Libro impreso |
